Honolulu - Choix multiples - Statistiques

Statistiques générales
  • Ce quiz a été pris 46 fois
  • Le résultat moyen est 6 sur 10
Statistiques - réponses
Question Réponse % Correct
Quel est le nom de la base navale qui se trouve à une quinzaine de kilomètres d'Honolulu ? Pearl Harbor
90%
Quel président américain est né à Honolulu ? Barack Obama
79%
Quelle photo a été prise à Honolulu ?
76%
Quelle est la plage la plus connue d'Honolulu ? Waikiki
74%
Qui fut le fondateur du royaume d'Hawaï ? Kamehameha Ier
55%
Que signifie Honolulu en Hawaïen ? Baie abritée
48%
Sur quelle île se situe Honolulu ? Oahu
40%
Quel palais royal se trouve à Honolulu ? ʻIolani Palace
36%
En quelle année Honolulu est-elle devenue la capitale d’Hawaï ? 1845
29%
Quel est le nom du célèbre cratère situé dans Honolulu ? Diamond Head
29%
Aucun quiz correspondant
Distribution des résultats
% des personnes avec chaque résultat
Percentile par nombre de réponses
Votre historique - résultats
Vous n’avez pas pris ce quiz